| 000 | 00540nam a2200217 a 4500 | ||
|---|---|---|---|
| 001 | 0001-2166 | ||
| 003 | ELIB.Books | ||
| 008 | 190727 2010 eng | ||
| 020 | _a0830816232 | ||
| 092 |
_a220.6 _bFee |
||
| 100 | _aFee, Gordon D. | ||
| 245 | _aThe Act of Bible Reading | ||
| 260 |
_aIllinois _bInter Varsity Press _c1996 |
||
| 300 |
_a182 _c21cm |
||
| 650 | _aBible | ||
| 856 |
_nKBTS Library _uKBTS Elib |
||
| 942 |
_2ddc _cBK |
||
| 990 | _a1 | ||
| 998 |
_aEnglishbooks.elf _ccat _e2019-07-27 |
||
| 999 |
_c12166 _d12166 |
||